000 00505nam a2200181Ia 4500
008 151018s9999 xx 000 0 und d
082 _bRBASDV44065
_a891.463
100 _aरंगराव पाटील
245 _aदंश
250 _b1
260 _bअभिनंदन कणकवली
_c2007
300 _a240
600 _aरंगराव पाटील
630 _aदंश
700 _aरंगराव पाटील
730 _aदंश
942 _cBOOK
999 _c1043267
_d1043264